Open Data Biblioteca Nacional de Portugal


República Portuguesa: Ministério da Cultura
Biblioteca Nacional de Portugal

Catálogo da BNP: acesso por Identificadores Unívocos
Registos Bibliográficos associados ao registo de autoridade

Etiqueta de registo: 00000nkm 2200025 450
001 2274954
003 http://id.bnportugal.gov.pt/bib/catbnp/2274954
100 ## $a20260303d1990 m y0pory01030103ba
101 0# $apor$aeng
102 ## $aPT
200 1# $aMaratona do Tejo 90, V Rali Náutico do Tejo, Vila Velha de Ródão - Lisboa, 28 de abril a 1 de maio$bVisual gráfico]$fFederação Portuguesa de Canoagem
210 #9 $a[Porto]$cFederação Portuguesa de Canoagem,$d1990
215 ## $a1 cartaz$ccolor.$d50x34,9 cm
316 ## $aContém um autocolante com a designação do rali em inglês
317 ## $aColeção Madeira Luís
710 02 $aMaratona do Tejo,$eVila Velha de Ródão - Lisboa,$f1990$31988556
711 02 $aRali Náutico do Tejo,$d5,$eVila Velha de Ródão - Lisboa,$f1990$4570$31988560
712 02 $aFederação Portuguesa de Canoagem$4557$349396
801 #0 $aPT$bBN$gRPC
966 ## $lBN$mICONOG$sCT. 23140 A.$x3
971 ## $cCaticonografia1$d20260303
995 ## $aPRR2026

OpendataBNP@bnportugal.pt | Mais informação sobre acesso aos dados BNP